| 000 | 00433nam a22001570 4500 | ||
|---|---|---|---|
| 001 | ocm0590314009 | ||
| 005 | 20141104110747.0 | ||
| 008 | 980912s1980 | ||
| 020 | _a0590314009 | ||
| 050 |
_aPZ 7 _b.C186 1980 |
||
| 100 | 1 | _aCamp, Joe. | |
| 245 | 1 | 0 |
_aOh heavenly dog / _cJoe Camp. |
| 260 |
_aNew York : _bScholastic Book Service, _cc1980. |
||
| 300 |
_a139 pages : _billustrated ; _c18 cm. |
||
| 942 |
_2lcc _cBK |
||
| 999 |
_c276701 _d276701 |
||